| 000 | 01000nam a2200349 a 4500 | ||
|---|---|---|---|
| 003 | AR-BaBNM | ||
| 005 | 20251128203610.0 | ||
| 008 | 082120s2002 ||||||||||||||000 | spa|| | ||
| 040 | _cAR-BaBNM | ||
| 100 | 1 | _aVazquez de Prada, Valentín | |
| 245 | 0 | 0 |
_aHistoria económica mundial _bde los orígenes a la Revolución Industrial. 1 |
| 260 |
_aMadrid _bRialp _c1966 |
||
| 300 | _a446 p. | ||
| 490 | 0 | _aBiblioteca del pensamiento actual | |
| 504 | _aBibliografía para consultar al final de cada capítulo | ||
| 650 | 4 | _aHISTORIA ECONOMICA | |
| 650 | 4 | _aCOMERCIO | |
| 650 | 4 | _aMONETARISMO | |
| 650 | 4 | _aINDUSTRIA | |
| 650 | 4 | _aAGRICULTURA | |
| 650 | 4 | _aGANADERIA | |
| 650 | 4 | _aTRANSPORTE | |
| 650 | 4 | _aPREHISTORIA | |
| 650 | 4 | _aHISTORIA EUROPEA | |
| 650 | 4 | _aHISTORIA MODERNA | |
| 650 | 4 | _aHISTORIA ECONOMICA | |
| 653 | 0 | _aREVOLUCION INDUSTRIAL | |
| 653 | _aFORMACION DE LOS ESTADOS MODERNOS | ||
| 800 | 1 |
_aCalvo Serer, Rafael _edirector |
|
| 942 | _cBK | ||
| 998 | _cmariana | ||
| 999 |
_c4085 _d4085 |
||